Normal view
MARC view
Entry Personal Name
001 - CONTROL NUMBER
- control field: 793176
003 - CONTROL NUMBER IDENTIFIER
- control field:
005 - DATE AND TIME OF LATEST TRANSACTION
- control field: 20210627055013.0
008 - FIXED-LENGTH DATA ELEMENTS
- fixed length control field: 210627|| aca||aabn | a|a d
040 ## - CATALOGING SOURCE
- Original cataloging agency:
- Transcribing agency:
100 ## - HEADING--PERSONAL NAME
- Personal name: Gifford, William,
- Dates associated with a name: 1756-1826
670 ## - SOURCE DATA FOUND
- Source citation: Work cat.: ()665148: Juvenal 785828, The satires of juvenal, Persius, Sulpicia and Lucilius /, 1890
